| 000 | 00463cam a2200181ua 4500 | ||
|---|---|---|---|
| 001 | 1195 | ||
| 008 | 110616n ii |||gr||||Z||||||eng | ||
| 040 | _cMAIN | ||
| 082 | _a330.954 | ||
| 245 | 1 | 0 |
_aElementary Indian economics _cby Kewal Krishan Dewett |
| 250 | _a21st rev & enl ed. | ||
| 260 |
_aNew Delhi: _bS. Chand,984. |
||
| 300 |
_aviii, 562p.: _c24cm. |
||
| 653 | _aEconomics | ||
| 653 | _aIndian economy | ||
| 700 | _aDewett, Kewal Krishan, | ||
| 942 | _cBK | ||
| 999 |
_c1103 _d1103 |
||